Nguyễn Khuyến thơ
Saved in:
| Main Author: | |
|---|---|
| Format: | Book |
| Language: | Undetermined |
| Published: |
Hà Nội
Hội nhà văn
2010
|
| Subjects: | |
| Tags: |
Add Tag
No Tags, Be the first to tag this record!
|
| Institutions: | Trung tâm Học liệu Trường Đại học Cần Thơ |
|---|
| LEADER | 00584nam a2200205Ia 4500 | ||
|---|---|---|---|
| 001 | CTU_161059 | ||
| 008 | 210402s9999 xx 000 0 und d | ||
| 020 | |c 28000 | ||
| 082 | |a 895.9221 | ||
| 082 | |b Kh527 | ||
| 100 | |a Nguyễn, Khuyến | ||
| 245 | 0 | |a Nguyễn Khuyến thơ | |
| 245 | 0 | |c Nguyễn Khuyến | |
| 260 | |a Hà Nội | ||
| 260 | |b Hội nhà văn | ||
| 260 | |c 2010 | ||
| 650 | |a Vietnamese poetry,Thơ Việt Nam | ||
| 650 | |y 19th century,thế kỷ 19 | ||
| 910 | |a Nguyên | ||
| 980 | |a Trung tâm Học liệu Trường Đại học Cần Thơ | ||